Представление документа в формате RUSMARC

ПолеНазваниеЗначение
  Тип записи a
  Библиографический уровень m
001 Контрольный номер RU/SLIB/B/208703890
005 Дата корректировки 20260601114050.1
010 Индекс ISBN __
d Цена 30-00
101 Язык документа 0_
a Язык текста rus
c Язык оригинала rus
200 Заглавие и сведения об ответственности 1_
a Заглавие Обыкновенная история
e Сведения, относящиеся к заглавию роман
f Первые сведения об ответственности И. А. Гончаров ; худож. А. Никулин
b Общее обозначение материала Текст
210 Выходные данные 1_
a Место издания М.
c Издательство Современник
d Дата издания 1983
215 Физическое описание __
a Объем 288 с.
c Иллюстрации/тип воспроизводства ил.
225 Серия 2_
a Серия Сельская библиотека Нечерноземья
606 Тематические рубрики __
a Основная рубрика Художественная литература
z Хронологическая подрубрика 19 в.
y Географическая подрубрика Россия
606 Тематические рубрики __
a Основная рубрика Русская литература XIX в. (произведения)
610 Ключевые слова 0_
a Ключевые слова романы
686 Индексы других классификаций __
2 Код системы rubbks
a Классификационный индекс ст84(2Рос=Рус)1-4
700 Автор _1
a Фамилия Гончаров
b Имя И. А.
g Полное личное имя Иван Александрович
4 Код отношения 070
702 Вторичная интеллектуальная ответственность _1
a Фамилия Никулин
b Имя А. О.
4 Код отношения Художник
4 Код отношения 040
801 Источник записи _0
a Страна RU
b Организация Муниципальное бюджетное учреждение культуры "Централизованная библиотечная система" г. Сургут (Центральная городская библиотека им. А. С. Пушкина)
g Правила каталогизации КиК/Поспелова; ОБ/Котельникова
801 Источник записи _1
a Страна RU
b Организация Муниципальное бюджетное учреждение культуры "Централизованная библиотечная система" г. Сургут (Центральная городская библиотека им. А. С. Пушкина)
g Правила каталогизации КиК/Поспелова; ОБ/Котельникова
852 Данные о местонахождении __
j Шифр хранения ст84(2Рос=Рус)1-4
c Каталожный индекс ст84(2Рос=Рус)1-4
i Авторский знак Г 65
901 Тип документа 1_
t Тип документа m
903 Характеристики (МАРС) __
a Дата передачи 20030822
990 Данные о заказе (DOS) 00
j Количество экземпляров (DOS) 1
t N записи в КСУ для И/У (DOS) 200307